MARC-Details
| 000 -Satzkennung |
| Kontrollfeld mit fester Länge |
03688cam a2200733 c 4500 |
| 001 - Kontrollnummer |
| Kontrollfeld |
1886163553 |
| 003 - Kontrollnummer Identifier |
| Kontrollfeld |
DE-627 |
| 005 - Datum und Zeit der letzten Transaktion |
| Kontrollfeld |
20250915125358.0 |
| 007 - Feld mit fester Länge zur physischen Beschreibung - Allgemeine Information |
| Kontrollfeld mit fester Länge |
tu |
| 008 - Feld mit fester Länge zur physischen Beschreibung - Allgemeine Angaben |
| Kontrollfeld mit fester Länge |
240417s2024 gw ||||| 00| ||ger c |
| 015 ## - Nummer der Nationalbibliografie |
| Nummer der Nationalbibliografie |
24,N16 |
| Quelle |
dnb |
| 016 7# - Kontrollnummer der nationalbibliografischen Agentur |
| Datensatzkontrollnummer |
1325842184 |
| Quelle |
DE-101 |
| 020 ## - Internationale Standardbuchnummer |
| Internationale Standardbuchnummer |
9783534610129 |
| Verknüpfung |
978-3-534-61012-9 |
| 020 ## - Internationale Standardbuchnummer |
| Internationale Standardbuchnummer |
3534610121 |
| Verknüpfung |
3-534-61012-1 |
| 024 3# - Anderer Standardidentifier |
| Standardnummer oder Code |
9783534610129 |
| 035 ## - Systemkontrollnummer |
| System-Kontrollnummer |
(DE-627)1886163553 |
| 035 ## - Systemkontrollnummer |
| System-Kontrollnummer |
(DE-599)DNB1325842184 |
| 035 ## - Systemkontrollnummer |
| System-Kontrollnummer |
(OCoLC)1430354712 |
| 040 ## - Katalogisierungsquelle |
| Original-Katalogisierungsstelle |
DE-627 |
| Katalogisierungssprache |
ger |
| Übertragungsstelle |
DE-627 |
| 041 ## - Sprachcode |
| Sprachcode des Textes/der Tonspur oder des separaten Titels |
ger |
| 044 ## - Ländercode der veröffentlichenden/herstellenden Stelle |
| ISO-Ländercode |
XA-DE-BW |
| 084 ## - Andere Notation |
| Zuweisende Stelle |
DE-208 |
| 084 ## - Andere Notation |
| Zuweisende Stelle |
DE-208 |
| 100 1# - Haupteintragung - Personenname |
| Personenname |
Uhl, Matthias |
| Datumsangaben in Verbindung mit einem Namen |
1970- |
| Funktionsbezeichnung |
VerfasserIn |
| IDN des Normdatensatzes oder Standardnummer |
(DE-588)12171425X |
| -- |
(DE-627)546761720 |
| -- |
(DE-576)292845081 |
| Funktionsbezeichnungscode |
aut |
| Koha-Normdatenidentnummer |
66903 |
| 245 10 - Titel |
| Titel |
GRU |
| Zusatz zum Titel |
die unbekannte Geschichte des sowjetisch-russischen Militärgeheimdienstes von 1918 bis heute |
| Verfasserangabe etc. |
Matthias Uhl |
| 264 #1 - Produktion, Veröffentlichung, Distribution, Herstellung und Urheberrechtsvermerk |
| Herstellungs-, Veröffentlichungs- Vertriebs-, Erzeugungsort |
Freiburg im Breisgau |
| Produzent, Herausgeber, Distributor, Hersteller |
wbg Theiss |
| Datum der Herstellung, der Veröffentlichung, des Vertriebs oder des Urheberschutzvermerks |
[2024] |
| 264 #4 - Produktion, Veröffentlichung, Distribution, Herstellung und Urheberrechtsvermerk |
| Datum der Herstellung, der Veröffentlichung, des Vertriebs oder des Urheberschutzvermerks |
© 2024 |
| 300 ## - Physische Beschreibung |
| Umfang |
750 Seiten |
| Andere physische Details |
Illustrationen |
| 336 ## - Inhaltstyp |
| Inhaltstypterm |
Text |
| Inhaltstypcode |
txt |
| Quelle |
rdacontent |
| 337 ## - Medientyp |
| Bezeichnung des Medientyps |
ohne Hilfsmittel zu benutzen |
| Medientypcode |
n |
| Quelle |
rdamedia |
| 338 ## - Datenträgertyp |
| Datenträgertypbezeichnung |
Band |
| Datenträgertypcode |
nc |
| Quelle |
rdacarrier |
| 500 ## - Allgemeine Fußnote |
| Allgemeine Fußnote |
Quellen- und Literaturverzeichnis: Seite 642-678 |
| 500 ## - Allgemeine Fußnote |
| Allgemeine Fußnote |
Enthält ein Personenregister |
| 520 ## - Fußnote zu Zusammenfassungen usw. |
| Fußnote zur Zusammenfassung usw. |
Das Buch stellt erstmals für einen breiten Leserkreis die Geschichte der GRU von ihrer Gründung 1918 bis heute dar. Matthias Uhl kann dabei auf Dokumente aus dem legendären Archiv des Militärgeheimdienstes zurückgreifen. Zudem lüftet er die Identität des GRU-Agenten "Murat", der Moskau in den 1950er und 1960er Jahren Hunderte streng geheime Unterlagen aus dem NATO-Hauptquartier geliefert hat. Und er beleuchtet Operationen und Spionageaktionen während des Kalten Krieges und des heutigen Russland – bis hin zu Mordanschlägen in Westeuropa sowie zum Einsatz der GRU bei der Besetzung der Krim und im Ukraine-Krieg. |
| 583 1# - Fußnote zum Bearbeitungsvermerk |
| Bearbeitung |
Archivierung/Langzeitarchivierung gewährleistet |
| Autorisierende Stelle |
PEBW |
| Quelle der Ansetzung oder des Terms |
pdager |
| Das Unterfeld gibt die Institution an, auf die sich das Feld bezieht |
DE-31 |
| 610 ## - Nebeneintragung unter einem Schlagwort - Körperschaftsname |
| Körperschafts- oder Gebietskörperschaftsname als Eintragungselement |
Sowjetunion. Glavnoe Razvedyvatelʹnoe Upravlenie |
| Koha-Normdatenidentnummer |
6581 |
| 610 ## - Nebeneintragung unter einem Schlagwort - Körperschaftsname |
| Körperschafts- oder Gebietskörperschaftsname als Eintragungselement |
Russland. Glavnoe razvedyvatelʹnoe upravlenie |
| Koha-Normdatenidentnummer |
66905 |
| 610 ## - Nebeneintragung unter einem Schlagwort - Körperschaftsname |
| Körperschafts- oder Gebietskörperschaftsname als Eintragungselement |
Russland. Glavnoe upravlenie General’nogo štaba Vooružënnych sil |
| Koha-Normdatenidentnummer |
66906 |
| 648 ## - Nebeneintragung unter einem Schlagwort - Zeitschlagwort |
| Zeitschlagwort |
1918-2023 |
| Koha-Normdatenidentnummer |
66904 |
| 651 ## - Nebeneintragung unter einem Schlagwort - Geografischer Name |
| Geografischer Name |
Sowjetunion |
| 651 ## - Nebeneintragung unter einem Schlagwort - Geografischer Name |
| Geografischer Name |
Russland |
| 776 1# - Andere physische Form |
| Internationale Standardbuchnummer |
9783534610389 |
| Nähere Angaben |
EPUB |
| 776 1# - Andere physische Form |
| Internationale Standardbuchnummer |
9783534610426 |
| Nähere Angaben |
PDF |
| 776 08 - Andere physische Form |
| Verweisungsphrase |
Erscheint auch als |
| Fußnote |
Online-Ausgabe |
| Haupteintragung |
Uhl, Matthias, 1970 - |
| Titel |
GRU |
| Ort, Verlag und Erscheinungsjahr |
Freiburg im Breisgau : wbg Theiss, 2024 |
| Physische Beschreibung |
1 Online-Ressource (750 Seiten) |
| Datensatzkontrollnummer |
(DE-627)1904095844 |
| Internationale Standardbuchnummer |
9783534610426 |
| 856 42 - Elektronische Adresse und Zugriff |
| URL |
<a href="https://portal.dnb.de/opac/mvb/cover?isbn=978-3-534-61012-9">https://portal.dnb.de/opac/mvb/cover?isbn=978-3-534-61012-9</a> |
| Kontaktstelle für Hilfe beim Zugriff |
X:MVB |
| Elektronisches Format |
image/jpg |
| Zugriffszeiten |
2024-10-18 |
| Spezifische Materialangaben |
Cover |
| 856 42 - Elektronische Adresse und Zugriff |
| URL |
<a href="http://deposit.dnb.de/cgi-bin/dokserv?id=53206adbfbc445028fdd57d491f72722&prov=M&dok_var=1&dok_ext=htm">http://deposit.dnb.de/cgi-bin/dokserv?id=53206adbfbc445028fdd57d491f72722&prov=M&dok_var=1&dok_ext=htm</a> |
| Kontaktstelle für Hilfe beim Zugriff |
X:MVB |
| Elektronisches Format |
text/html |
| Spezifische Materialangaben |
Inhaltstext |
| 856 42 - Elektronische Adresse und Zugriff |
| URL |
<a href="https://d-nb.info/1325842184/04">https://d-nb.info/1325842184/04</a> |
| Kontaktstelle für Hilfe beim Zugriff |
B:DE-101 |
| Elektronisches Format |
application/pdf |
| Spezifische Materialangaben |
Inhaltsverzeichnis |
| 856 42 - Elektronische Adresse und Zugriff |
| URL |
<a href="https://media.herder.de/leseprobe/978-3-534-61012-9/index.html">https://media.herder.de/leseprobe/978-3-534-61012-9/index.html</a> |
| Kontaktstelle für Hilfe beim Zugriff |
X:Herder |
| Zugriffszeiten |
2024-10-18 |
| Verknüpfungstext |
Leseprobe |
| OPAC-Notiz |
Verlag |
| Spezifische Materialangaben |
Inhaltsverzeichnis |
| 856 42 - Elektronische Adresse und Zugriff |
| URL |
<a href="https://www.hsozkult.de/publicationreview/id/reb-152254">https://www.hsozkult.de/publicationreview/id/reb-152254</a> |
| Kontaktstelle für Hilfe beim Zugriff |
HSK |
| Elektronisches Format |
text/html |
| Zugriffszeiten |
2025-05-20 |
| OPAC-Notiz |
H-Soz-Kult |
| Spezifische Materialangaben |
Rezension |
| 936 rv - OCLC/CONSER MISCELLANEOUS DATA (OCLC); PIECE USED FOR CATALOGING (pre-AACR2) (RLIN) |
| OCLC control number(s) of parallel record(s) (OCLC); Piece used for cataloging, PUC (RLIN) |
MG 85950 |
| 936 rv - OCLC/CONSER MISCELLANEOUS DATA (OCLC); PIECE USED FOR CATALOGING (pre-AACR2) (RLIN) |
| OCLC control number(s) of parallel record(s) (OCLC); Piece used for cataloging, PUC (RLIN) |
NQ 8297 |
| 936 bk - OCLC/CONSER MISCELLANEOUS DATA (OCLC); PIECE USED FOR CATALOGING (pre-AACR2) (RLIN) |
| OCLC control number(s) of parallel record(s) (OCLC); Piece used for cataloging, PUC (RLIN) |
15.74 |
| 936 fi - OCLC/CONSER MISCELLANEOUS DATA (OCLC); PIECE USED FOR CATALOGING (pre-AACR2) (RLIN) |
| OCLC control number(s) of parallel record(s) (OCLC); Piece used for cataloging, PUC (RLIN) |
RA07.21 |
| 936 fi - OCLC/CONSER MISCELLANEOUS DATA (OCLC); PIECE USED FOR CATALOGING (pre-AACR2) (RLIN) |
| OCLC control number(s) of parallel record(s) (OCLC); Piece used for cataloging, PUC (RLIN) |
SC06.01 |
| 936 fi - OCLC/CONSER MISCELLANEOUS DATA (OCLC); PIECE USED FOR CATALOGING (pre-AACR2) (RLIN) |
| OCLC control number(s) of parallel record(s) (OCLC); Piece used for cataloging, PUC (RLIN) |
SF02 |
| 942 ## - Zusätzliche Felder (Koha) |
| Klassifikation oder Aufstellungssystematik |
Andere/Generische Klassifikation |
| Koha-Medientyp |
Monographien |